[Event "IECG TG.2004.0.15099"]
[Site "IECG email"]
[Date "2004.02.26"]
[Round "2"]
[White "De Jong, Ype"]
[Black "Talim, Satish"]
[Result "0-1"]
[WhiteElo "1000"]
[BlackElo "1000"]
[PlyCount "50"]
[EventDate "2004.02.26"]
[EventType "match (corr)"]
[EventRounds "2"]
[SourceTitle "Corr 2008"]
[Source "ChessBase"]
[SourceDate "2008.06.24"]
[SourceVersion "1"]
[SourceVersionDate "2008.06.24"]
[SourceQuality "1"]

1. e4 e5 2. Nf3 Nf6 3. Nc3 Bb4 4. a3 Bxc3 5. dxc3 0-0 6. Bd3 d5 7. Qe2 dxe4 8. Bxe4 Nxe4 9. Qxe4 Qf6 10. 0-0 Nc6 11. Nh4 h6 12. Be3 g5 13. Qf3 Qe6 14. Qg3 f5 15. f4 exf4 16. Bxf4 Kh7 17. Bxc7 Qf7 18. Nxf5 Bxf5 19. Bd6 Rfd8 20. b3 Qg6 21. Bc5 Bxc2 22. Qc7+ Kg8 23. Qxb7 Rab8 24. Qc7 Bd3 25. Rf3 Be4 0-1

[Event "IECG TG.2004.0.15099"]
[Site "IECG email"]
[Date "2004.02.26"]
[Round "1"]
[White "Talim, Satish"]
[Black "De Jong, Ype"]
[Result "1-0"]
[WhiteElo "1000"]
[BlackElo "1000"]
[PlyCount "49"]
[EventDate "2004.02.26"]
[EventType "match (corr)"]
[EventRounds "2"]
[SourceTitle "Corr 2008"]
[Source "ChessBase"]
[SourceDate "2008.06.24"]
[SourceVersion "1"]
[SourceVersionDate "2008.06.24"]
[SourceQuality "1"]

1. e4 e5 2. Nf3 Nc6 3. Bb5 a6 4. Bxc6 dxc6 5. 0-0 Bd6 6. d4 exd4 7. Qxd4 f6 8. Nc3 Be6 9. Be3 Ne7 10. Na4 0-0 11. Nc5 Qc8 12. Qc3 b6 13. Nd3 Qb7 14. Nd4 Bf7 15. b4 Rfe8 16. Rfe1 Rac8 17. Bd2 Rcd8 18. f4 c5 19. bxc5 bxc5 20. Nxc5 Qb6 21. Na4 Qa7 22. Rab1 Ng6 23. Be3 Bxf4 24. Nc6 Bxe3+ 25. Rxe3 1-0